<?xml version="1.0" encoding="UTF-8"?>
<record
    xmlns:xsi="http://www.w3.org/2001/XMLSchema-instance"
    xsi:schemaLocation="http://www.loc.gov/MARC21/slim http://www.loc.gov/standards/marcxml/schema/MARC21slim.xsd"
    xmlns="http://www.loc.gov/MARC21/slim">

  <leader>00575nam a22002057a 4500</leader>
  <controlfield tag="003">OSt</controlfield>
  <controlfield tag="005">20180116183000.0</controlfield>
  <controlfield tag="008">141003b        xxu||||| |||| 00| 0 eng d</controlfield>
  <datafield tag="020" ind1=" " ind2=" ">
    <subfield code="a">0</subfield>
  </datafield>
  <datafield tag="040" ind1=" " ind2=" ">
    <subfield code="a">0</subfield>
    <subfield code="c">0</subfield>
    <subfield code="e">0</subfield>
  </datafield>
  <datafield tag="082" ind1=" " ind2=" ">
    <subfield code="a">155.283 WIL 2006</subfield>
  </datafield>
  <datafield tag="100" ind1=" " ind2=" ">
    <subfield code="a">Gary S. Wilkinson, PhD</subfield>
  </datafield>
  <datafield tag="245" ind1=" " ind2=" ">
    <subfield code="a">WRAT 4 Wide Range Achievement Test</subfield>
    <subfield code="b">Professional Manual</subfield>
    <subfield code="c">Gary S. Wilkinson, PhD</subfield>
  </datafield>
  <datafield tag="260" ind1=" " ind2=" ">
    <subfield code="a">USA</subfield>
    <subfield code="b">PAR</subfield>
    <subfield code="c">2006</subfield>
  </datafield>
  <datafield tag="300" ind1=" " ind2=" ">
    <subfield code="a">494p.</subfield>
    <subfield code="b">HB</subfield>
  </datafield>
  <datafield tag="440" ind1=" " ind2=" ">
    <subfield code="a">WRAT 4 Wide Range Achievement Test</subfield>
  </datafield>
  <datafield tag="600" ind1=" " ind2=" ">
    <subfield code="a">Gary S. Wilkinson, PhD</subfield>
  </datafield>
  <datafield tag="700" ind1=" " ind2=" ">
    <subfield code="a">Gary S. Wilkinson, PhD</subfield>
  </datafield>
  <datafield tag="942" ind1=" " ind2=" ">
    <subfield code="2">ddc</subfield>
    <subfield code="c">BK</subfield>
  </datafield>
  <datafield tag="999" ind1=" " ind2=" ">
    <subfield code="c">349800</subfield>
    <subfield code="d">349800</subfield>
  </datafield>
  <datafield tag="952" ind1=" " ind2=" ">
    <subfield code="0">0</subfield>
    <subfield code="1">0</subfield>
    <subfield code="2">ddc</subfield>
    <subfield code="4">0</subfield>
    <subfield code="7">0</subfield>
    <subfield code="8">NFIC</subfield>
    <subfield code="a">CL</subfield>
    <subfield code="b">CL</subfield>
    <subfield code="c">GEN</subfield>
    <subfield code="d">2014-10-03</subfield>
    <subfield code="l">5</subfield>
    <subfield code="o">155.283 WIL 2006</subfield>
    <subfield code="p">NBSPS-134</subfield>
    <subfield code="r">2015-02-20</subfield>
    <subfield code="s">2015-02-19</subfield>
    <subfield code="w">2014-10-03</subfield>
    <subfield code="y">BK</subfield>
  </datafield>
  <datafield tag="952" ind1=" " ind2=" ">
    <subfield code="0">0</subfield>
    <subfield code="1">0</subfield>
    <subfield code="2">ddc</subfield>
    <subfield code="4">0</subfield>
    <subfield code="7">0</subfield>
    <subfield code="8">NFIC</subfield>
    <subfield code="a">CL</subfield>
    <subfield code="b">CL</subfield>
    <subfield code="c">GEN</subfield>
    <subfield code="d">2014-10-03</subfield>
    <subfield code="l">3</subfield>
    <subfield code="o">155.283 WIL 2006</subfield>
    <subfield code="p">NBSPS-135</subfield>
    <subfield code="r">2015-02-20</subfield>
    <subfield code="s">2015-01-27</subfield>
    <subfield code="w">2014-10-03</subfield>
    <subfield code="y">BK</subfield>
  </datafield>
  <datafield tag="952" ind1=" " ind2=" ">
    <subfield code="0">0</subfield>
    <subfield code="1">0</subfield>
    <subfield code="2">ddc</subfield>
    <subfield code="4">0</subfield>
    <subfield code="7">0</subfield>
    <subfield code="8">NFIC</subfield>
    <subfield code="a">CL</subfield>
    <subfield code="b">CL</subfield>
    <subfield code="c">GEN</subfield>
    <subfield code="d">2014-10-03</subfield>
    <subfield code="l">4</subfield>
    <subfield code="o">155.283 WIL 2006</subfield>
    <subfield code="p">NBSPS-136</subfield>
    <subfield code="r">2015-02-20</subfield>
    <subfield code="s">2015-01-27</subfield>
    <subfield code="w">2014-10-03</subfield>
    <subfield code="y">BK</subfield>
  </datafield>
  <datafield tag="952" ind1=" " ind2=" ">
    <subfield code="0">0</subfield>
    <subfield code="1">0</subfield>
    <subfield code="2">ddc</subfield>
    <subfield code="4">0</subfield>
    <subfield code="7">0</subfield>
    <subfield code="8">NFIC</subfield>
    <subfield code="a">CL</subfield>
    <subfield code="b">CL</subfield>
    <subfield code="c">GEN</subfield>
    <subfield code="d">2014-10-03</subfield>
    <subfield code="l">4</subfield>
    <subfield code="o">155.283 WIL 2006</subfield>
    <subfield code="p">NBSPS-137</subfield>
    <subfield code="r">2015-02-20</subfield>
    <subfield code="s">2015-01-27</subfield>
    <subfield code="w">2014-10-03</subfield>
    <subfield code="y">BK</subfield>
  </datafield>
</record>
